| 000 | 00740cam a22002171 4500 | ||
|---|---|---|---|
| 003 | BD-RjUL | ||
| 005 | 20240122103625.0 | ||
| 008 | 880607s1964 pk 000 0 ara | ||
| 035 | _a(BD-RjUL) | ||
| 040 |
_aDLC _cWaU _dWaU _dOCoLC _dDLC _beng |
||
| 082 |
_223 _a297.382 _bABM 1964 |
||
| 100 | 1 |
_aعبدالقيوم, محمد ,Abdul Qayyum, Muhammad _d1915- _910999 |
|
| 245 | 1 | 0 |
_aمناجات مقبول ;; Munajat-i-maqbul / _b Urdu transliteration. _cمحمد عبدالقيوم ; Muhammad Abdul Qayyum |
| 250 | _a[1st ed.] | ||
| 260 |
_aKanpur, _bDar i Matbah, _c[1964] |
||
| 300 |
_a72 p. ; _c22 cm. |
||
| 500 | _aSelected Islamic prayers. | ||
| 650 | 0 | _aPrayers. | |
| 650 | 0 |
_aIslam _vPrayers and devotions. _9405 |
|
| 942 |
_2ddc _cBK |
||
| 999 |
_c82710 _d82710 |
||